| 000 | 00500nam a22001697a 4500 | ||
|---|---|---|---|
| 005 | 20230914105848.0 | ||
| 008 | 170909b xxu||||| |||| 00| 0 eng d | ||
| 020 | _a978-81-8321-249-6 | ||
| 041 | _aeng | ||
| 082 | _a306.349 | ||
| 100 |
_aSHARMA, O.P. AND SOMANI, L.L. _98183 |
||
| 245 |
_aFUNDAMENTALS OF RURAL SOCIOLOGY AND EDUCATIONAL PSYCHOLOGY _c O.P. SHARMA, AND, L.L. SOMANI |
||
| 260 |
_aUDAIPUR _bAGROTECH PUBLISHING ACADEMY |
||
| 300 | _a256p. | ||
| 650 |
_aAgriculture _98184 |
||
| 942 | _cBK | ||
| 999 |
_c5553 _d5551 |
||